Gerión
| Corporate Author: | |
|---|---|
| Format: | Electronic Journal |
| Language: | Spanish English French German Italian |
| Published: |
Madrid :
Facultad de Geografía e Historia, Universidad Complutense de Madrid,
1983-
Madrid : Universidad Complutense de Madrid, Servicio de Publicaciones Madrid : Universidad Complutense de Madrid, Ediciones Complutense |
| Subjects: | |
| Online Access: | Full text available from PRISMA Database with HAPI Index: 01/01/2005 to 01/31/2016 |
MARC
| LEADER | 00000nas a2200000 i 4500 | ||
|---|---|---|---|
| 001 | ssj0059471 | ||
| 003 | WaSeSS | ||
| 005 | 20200512172242.0 | ||
| 006 | m d | ||
| 007 | cr n | ||
| 008 | 100414c19839999sp fr p s 0 0spa c | ||
| 010 | |a 2018247510 | ||
| 022 | |a 1988-3080 |l 0213-0181 |y 0213-0181 | ||
| 035 | |a (WaSeSS)ssj0059471 | ||
| 040 | |a OCLCE |b eng |e pn |c OCLCE |d OCLCQ |d TXA |d OCLCF |d OCLCO |d OCL |d FIE |d UPM |d CUS |d OCLCQ |d COD |d OCLCA |d OCLCQ |d CUD |d UAB |d VT2 |d U3W |d JOURN |d ZHM |d ZXC |d XQL |d WYU |d COD |d WaSeSS | ||
| 041 | 0 | |a spa |a eng |a fre |a ger |a ita | |
| 042 | |a dlr |a pcc | ||
| 043 | |a e-sp--- | ||
| 050 | 4 | |a D51 |b .G47 | |
| 082 | 0 | 4 | |a 930/.05 |2 20 |
| 210 | 0 | |a Gerión |b (Madr., Internet) | |
| 222 | 0 | |a Gerión |b (Madrid. Internet) | |
| 245 | 0 | 0 | |a Gerión |h [electronic resource]. |
| 260 | |a Madrid : |b Facultad de Geografía e Historia, Universidad Complutense de Madrid, |c 1983- | ||
| 260 | 2 | |3 <2002-> : |a Madrid : |b Universidad Complutense de Madrid, Servicio de Publicaciones | |
| 260 | 3 | |3 <2017-> : |a Madrid : |b Universidad Complutense de Madrid, Ediciones Complutense | |
| 310 | |a Twice a year, |b 2017- | ||
| 321 | |a Annual, |b 1983-2001 | ||
| 321 | |a Semiannual, |b 2002-2011 | ||
| 321 | |a Annual, |b 2012-2016 | ||
| 362 | 1 | |a Began with 1 (1983). | |
| 506 | |a License restrictions may limit access. | ||
| 525 | |a Includes special issues called vol. extra or núm. esp. | ||
| 538 | |a Master and use copy. Digital master created according to Benchmark for Faithful Digital Reproductions of Monographs and Serials, Version 1. Digital Library Federation, December 2002. |u http://purl.oclc.org/DLF/benchrepro0212 |5 MiAaHDL | ||
| 546 | |a Chiefly in Spanish, with some English, French, German, and Italian. | ||
| 583 | 1 | |a digitized |c 2010 |h HathiTrust Digital Library |l committed to preserve |2 pda |5 MiAaHDL | |
| 588 | |a Description based on: 1 (1983); title from pdf cover (publisher's website, viewed Mar. 16, 2018). | ||
| 588 | |a Latest issue consulted: Vol. 36, Núm. 2 (Julio/Diciembre 2018) (viewed Feb. 27, 2019). | ||
| 648 | 7 | |a To 711 |2 fast | |
| 650 | 0 | |a History, Ancient |v Periodicals. | |
| 650 | 7 | |a History, Ancient. |2 fast |0 (OCoLC)fst00958352 | |
| 651 | 0 | |a Spain |x History |y To 711 |v Periodicals. | |
| 651 | 7 | |a Spain. |2 fast |0 (OCoLC)fst01204303 | |
| 655 | 0 | |a Electronic journals. | |
| 710 | 2 | |a Universidad Complutense de Madrid. |b Departamento de Historia Antigua. | |
| 770 | 0 | |t Gerión. Anejos |x 1576-2564 | |
| 776 | 0 | 8 | |i Print version, 1983-2017: |t Gerión |x 0213-0181 |w (DLC) 92660638 |w (OCoLC)13453178 |
| 856 | 4 | 0 | |z Full text available from PRISMA Database with HAPI Index: 01/01/2005 to 01/31/2016 |u https://search.proquest.com/publication/85376 |